|
|
|
|
| LEADER |
00000cam a2200000 7i4500 |
| 001 |
0000095303 |
| 005 |
20120621.0 |
| 008 |
100526 bm |
| 020 |
|
|
|a 9789833654949
|
| 090 |
0 |
0 |
|a J 899.2333 KUS
|
| 100 |
1 |
|
|a Kusyi Hirdan
|
| 245 |
1 |
0 |
|a Selamat Hari Raya The Silver
|c Kusyi Hirdan
|
| 260 |
|
|
|a Batu Caves,Selangor :
|b PTS Publications And Distributors Sdn Bhd ,
|c 2009
|
| 300 |
|
|
|a 276p. :
|b ill ;
|c 17cm.
|
| 440 |
|
0 |
|a Kembara Hafiz
|
| 650 |
0 |
0 |
|a Children's Stories, Malay
|
| 999 |
|
|
|a 0000127779
|b Buku
|c Koleksi Pinjaman Kanak-Kanak
|e Perpustakaan Komuniti UTC Melaka
|
| 999 |
|
|
|a 0000127780
|b Buku
|c Koleksi Pinjaman Kanak-Kanak
|e Perpustakaan Komuniti UTC Melaka
|